The Men Who Killed the News : (Record no. 126861)

MARC details
000 -LEADER
campo de control de longitud fija 02068 a2200217 4500
003 - IDENTIFICADOR DE NÚMERO DE CONTROL
campo de control BJBSDDR
005 - FECHA Y HORA DE LA ÚLTIMA TRANSACCIÓN
campo de control 20260421114554.0
007 - CAMPO FIJO DE DESCRIPCIÓN FÍSICA--INFORMACIÓN GENERAL
campo de control de longitud fija ta
008 - DATOS DE LONGITUD FIJA--INFORMACIÓN GENERAL
campo de control de longitud fija 210426t2025 nyu 00| 0 eng d
020 ## - NÚMERO INTERNACIONAL ESTÁNDAR DEL LIBRO
Número Internacional Estándar del Libro 9781761632600
040 ## - FUENTE DE CATALOGACIÓN
Lengua de catalogación eng
Centro/agencia transcriptor BJBSDDR
041 ## - CÓDIGO DE IDIOMA
Código de lengua del texto/banda sonora o título independiente spa
050 ## - SIGNATURA TOPOGRÁFICA DE LA BIBLIOTECA DEL CONGRESO
Número de ítem B414m 2025
100 1# - ENTRADA PRINCIPAL--NOMBRE DE PERSONA
Nombre de persona Beecher, Eric,
Fechas asociadas al nombre 1951-
9 (RLIN) 48032
245 14 - MENCIÓN DEL TÍTULO
Título The Men Who Killed the News :
Resto del título The Inside Story of How Media Moguls Abused Their Power, Manipulated the Truth and Distorted Democra /
Mención de responsabilidad, etc. Eric Beecher.
260 ## - PUBLICACIÓN, DISTRIBUCIÓN, ETC.
Lugar de publicación, distribución, etc. New York:
Nombre del editor, distribuidor, etc. Scribner,
Fecha de publicación, distribución, etc. 2025.
300 ## - DESCRIPCIÓN FÍSICA
Extensión 383 pages ;
Dimensiones 20 cm.
520 ## - RESUMEN, ETC.
Sumario, etc. Readings Best Books of 2024, Non-Fiction<br/><br/>Nominated for the 2025 Sperber Prize<br/><br/>Never before has the media played such an active part in our politics, with Elon Musk using X to affect world elections and direct US government policy. But as Crikey owner and ex-News Corp executive Eric Beecher shows, media moguls have a long history of abusing their power ...<br/><br/>What's gone wrong with our media? The answer: its owners. From William Randolph Hearst to Elon Musk, from the British press barons to colonial upstarts Conrad Black and Rupert Murdoch, media proprietors have manipulated the news to accumulate wealth and influence as they meddled with democracy.<br/><br/>Eric Beecher knows the news business from bottom to top. He has been a journalist, editor and media proprietor (of Text Media and Crikey), with the rare distinction of having both worked for and been sued (unsuccessfully) by the Murdochs.<br/><br/>This book reveals the distorted role of the media moguls of the past two centuries: their techniques, strategies, behind-closed-doors machinations, and indulgent lifestyles. It explains how they have exploited the shield of the freedom of the press to undermine journalism - and truth.<br/><br/>In an era of fake news, AI and misinformation, this is democracy's chillingly important story: how a small coterie of flawed and narcissistic moguls created a shadow of power that has contributed to making the media an agent of mistrust.
942 ## - ELEMENTOS DE ENTRADA SECUNDARIOS (KOHA)
Fuente del sistema de clasificación o colocación Clasificación de Library of Congress
Tipo de ítem Koha Libro
Suprimir en OPAC No
946 ## - PROCESAMIENTO DE INFORMACIÓN LOCAL (OCLC)
Iniciales del agente catalogador dpf
Holdings
Estatus retirado Estado de pérdida Fuente del sistema de clasificación o colocación Estado de daño No para préstamo Colección Biblioteca de origen Biblioteca actual Ubicación en estantería Fecha de adquisición Signatura topográfica completa Código de barras Visto por última vez Copia número Tipo de ítem Koha
    Clasificación de Library of Congress     Automatización y Procesos Técnicos Biblioteca Juan Bosch Biblioteca Juan Bosch Automatización y Procesos Técnicos (1er. Piso) 21/04/2026 B414m 2025 00000199044 21/04/2026 1 Libro